Statistics for the good place quiz

Click here to take the quiz!

General Stats

  • This quiz has been taken 45 times
  • The average score is 42 of 100

Answer Stats

HintAnswer% Correct
"A tortured academic"Chidi Anagonye
100%
"A hot, rich fraud"Tahani Al-Jamil
100%
Not a robot or a girl.Janet
98%
"An idiot DJ"Jason Mendoza
98%
This person thought they would torture each other.Michael "Realman"
98%
The first Vicky false aliasReal Eleanor
98%
The officer who Jason tries to marry.Officer K
95%
"A selfish a**"Eleanor Shellstrop
85%
The actor who plays EleanorKristen Bell
78%
Created as a rebound by Janet.Derek Hostetler
75%
The main food of the false Good PlaceFrozen yogurt
75%
What Janets get turned into via a form of retirementMarbles
75%
Head of the Bad PlaceShawn
75%
How many points Brent had by the end of the testing.-1
73%
How many known wives Jason had.2
73%
The ruler of all decisions in the universe.Judge Hydrogen
70%
Chidi's coworker and romantic partner, one of four test subjects in the second version of the neighborhood.Simone Garnet
70%
Tahani's rival and sibling.Kamilah Al-Jamil
68%
The man who correctly guessed how the afterlife works.Doug Forcett
65%
The unit of time in the afterlifeJeremy Bearimy
65%
A self centered business owner, one of four test subjects in the second version of the neighborhood.Brent Norwalk
63%
Crossroad of all dimensions, the pancakes eat you.IHOP
63%
What Eleanor dropped, resulting in her death.margarita mix
63%
The main resident of the Medium PlaceMindy St. Claire
63%
Where Janets reside.Void
60%
The food Tahani ate and tells to her parents.Cheetos
58%
A gossip writer obsessed with celebrity drama, one of four test subjects in the second version of the neighborhood.John Wheaton
58%
What gets Janets drunk.Magnets
58%
The actor who plays MichaelTed Danson
58%
Where the group of Chidi, Simone, Eleanor, Jason, Tahani, and Trevor was located.Australia
55%
Jason's favorite player.Blake Bortles
55%
Eleanor's second soulmate; "I'm going to the gym."Chris Baker
55%
A comical shirt Chidi wore; "Who, what, when, where, ____!"Wine
55%
What Donkey Doug tells Jason to call him, but is seen as wack.Donkey Dad
53%
The name Michael gives to the humans due to his disdain for their species.Team Cockroach
50%
The name of the group above.The Brainy Bunch
50%
What served as the above's reprodutive organs.Windchimes
50%
Major demon of the Bad Place; is flicked away into the void.Trevor
48%
Another main source of food in the final reboot of the first neighborhood.Clam chowder
45%
The actor who plays JanetD'Arcy Carden
45%
The old lady sent to the second fake Good Place as a trick, secretly a demon.Linda Johannsen
45%
The actor who plays JasonManny Jacinto
45%
A candy that was put into the chili pot.Peeps & M&Ms
45%
What Jason believed to be the above.a burrito
43%
Who Jason wants to have intercourse with and also be related to.Arianna Grande
43%
This philosopher is related to a famous restaurant chain.Aristotle
40%
What Michael whispers to Janet.Something something Vicky something something
40%
The group that went around trying to save other people from eternal damnation.The Soul Squad
40%
What Chidi sees when sent through a wormhole.Time Knife
40%
The actor who plays ChidiWilliam Jackson Harper
40%
Amount of reboots in the original neighborhood.802
38%
What Eleanor will bring to the baby shower for everyone to chew on.Assortment of brownies
38%
Tahani's spouse on Earth.Larry Hemsworth
38%
Tahani is her best friend but she isn't Tahani's.Taylor Swift
38%
The movie that was recorded over and replaced with Eleanor and Chidi sleeping together.Cannonball Run II
35%
Where Chidi and Simone taught.St. John's University
35%
The second Vicky false aliasDenise
33%
The demon whose dog is kicked into the sun.Pevita
33%
Lava monster who, of course, has a light.Todd
33%
A demon posed as a civil rights activist. "Buzz off ___, don't need it."Bambadjan
30%
What Chidi makes from a game of pictionary, has to be put down.Daisy the Horse Blob
30%
Eleanor's fake name that her mother stole.Diana Tremaine
30%
What Eleanor says after she and Chidi kiss.Hot Diggity Dog
30%
Chidi's idol, was depicted through a poster of Trinity from the Matrix.Hypatia of Alexandria
30%
Jason's second soulmate; "..."Luang
30%
The muppet Eleanor finds endearing.Sam the Eagle
30%
The possible first bad place inhabitant. He lost 1,000,000 points.Grog
28%
The "Dress B****"Madison
28%
Either one of the two songs playing at the end of the trashing of the first fake Good Place.She Hates Me & Grandma Got Runover by a Reindeer
28%
The demon who replaced Vicky in torturing Chidi.Angelique
25%
Jason's alias while sneaking into the Bad Place.Jake Jortles
25%
What the false Good Place is called; Neighborhood _____Neighborhood 12358W
25%
Who Chidi is mistaken to be.Trent
25%
Chidi's friend with the boots.Henry
23%
Chidi's childhood friend.Uzo
23%
What should be captured and it's magic powers be used.Magic Panda
20%
The new scent of deodorant.Transformer
20%
What Chidi was rewarded with after explaining to his parents why they should not divorce.A puppy
18%
The gift Janet was supposed to give Jason when snowplowing.Blake Beartles
18%
What Eleanor expresses attraction to.Mailmen
18%
Where we're putting top priority files nowadays.Trash
18%
An animal used to torture humans during the early drafts of Good Place testing. Was made smaller and relatable.Chainsaw bear
15%
The name of the item Pillboi and Donkey Doug attempt to sell.Double Trouble
15%
The reggae cover band of Taylor Swift, they're deeply terrible.Taylor Splift
15%
Where exhibits of torture and bad actions are shown.The Museum of Human Misery
15%
"You're such a suck up, ____" - VickyGayle
13%
A member of Dance Dance Resolution who is turned down from doing crime against previous members.Lil Peanut
13%
The freaky purple vibes of love. This thing is inside.Marshmallow Cat
13%
Who Michael pretends to be when caught with the portal to the afterlife.Rick Justice
13%
Giant mini donuts, not just regular donuts. He will explain.Dave
10%
Who Janet pretends to be under the same context.Lisa Fuqua
10%
A pastry that symbolizes Chidi's confidence.Blueberry muffins
8%
What is in season and as many as possible should be put into your tote bag.Pluots
8%
What case Vicky could land if the first neighborhood is a success.Jared from Subway
5%
The young man who advocates for the saving of the environment.Joe
5%
The presidential tapes that were karaoked over.Ronald Reagan
5%
What Chidi's childhood bullies claimed he'd never get.Tenure
5%
One of Brent's friends, "He's right, where is ___?"Squirtman
3%
The dance crew Donkey Doug forms after leaving Dance Dance Resolution.Hashtag DougLife
0%
The giant worm thing in the Bad Place. "Lose some weight?" "Hah! I wish!"Lance
0%

Score Distribution

Percentile by Number Answered

Percent of People with Each Score

Your Score History

You have not taken this quiz